00302 2200133 4500245005400000250001100054100002000065650001600085005001900101260001700120041001400137084000800151336000900159 aLAPORAN KARYA SISWAb : BAHAN PANGAN LOKALhText aCet. 1 aADINDA AQUILA R aKarya Siswa a20240829104349 aJakarac2024 aIndonesia a081 atext